00165nam a22000857a 4500082001500000100001200015245003200027260001100059300000900070 a297.335HUS aHussain aIslam Versus and Socialism aLahore a170p